000 00232 a2200097 4500
001 47898
100 _aGoodwin G L
245 _aBritain & The United Nations
260 _aLondon
_bOxford University Press
_c
090 _c30893
_d30893
942 _aNUST-CAE
_cM
_c23217
999 _c282971
_d282971